Economic growth in india and its many dimensions (Record no. 504418)

000 -LEADER
fixed length control field 00328aam a2200121 4500
082 ## - DEWEY DECIMAL CLASSIFICATION NUMBER
Classification number T19x54 In2
100 ## - MAIN ENTRY--PERSONAL NAME
Personal name Bakshi, Santosh
9 (RLIN) 480
245 ## - TITLE STATEMENT
Title Economic growth in india and its many dimensions
Statement of responsibility, etc by santosh Bakshi
260 ## - PUBLICATION, DISTRIBUTION, ETC. (IMPRINT)
Place of publication, distribution, etc New Delhi
Name of publisher, distributor, etc Uppal
Date of publication, distribution, etc 2018
300 ## - PHYSICAL DESCRIPTION
Extent 523p
653 ## - INDEX TERM--UNCONTROLLED
Uncontrolled term Civil Service
-- Bureaucracy
942 ## - ADDED ENTRY ELEMENTS (KOHA)
Source of classification or shelving scheme
Holdings
Withdrawn status Lost status Source of classification or shelving scheme Damaged status Not for loan Permanent location Current location Date acquired Source of acquisition Cost, normal purchase price Total Checkouts Barcode Checked out Date last seen Date last borrowed Cost, replacement price Price effective from
          Indian Institute of Public Administration Indian Institute of Public Administration 2018-08-28 17 2550.00 1 IB4 2018-09-12 2018-08-29 2018-08-29 3000.00 2018-08-28

Powered by Koha